00357nam a22000977a 4500008004100000050002000041100003000061245009900091260004100190300002800231170208b xxu||||| |||| 00| 0 eng d aN 6510 .C5 1965 aChamberlain, George Stamm aStudies on American Painters and Sculptors of the Nineteeth Century/cGeorge Stamm Chamberlain aU.S.A:bRobert S. Chamberlain,c1965 avii,66p.:bill.;c26cm.